[Event "BL 8889 Lasker-Porz"]
[Site "?"]
[Date "1988.??.??"]
[Round "?.6"]
[White "Simon, R."]
[Black "Lutz, C."]
[Result "0-1"]
[WhiteElo "2285"]
[BlackElo "2380"]
[PlyCount "90"]
[EventDate "1988.??.??"]

1. Nf3 d5 2. e3 c6 3. c4 Nf6 4. Nc3 g6 5. d4 Bg7 6. Be2 O-O 7. O-O Qb6 8. b3
Bg4 9. h3 Bxf3 10. Bxf3 Rd8 11. Ba3 e6 12. Qc2 Nbd7 13. cxd5 exd5 14. Bd6 Rdc8
15. Na4 Qd8 16. Bh2 Qe7 17. Rac1 Bf8 18. Qb1 Qe6 19. b4 b5 20. Nc5 Nxc5 21.
bxc5 a5 22. Rfd1 Re8 23. Rc3 Nd7 24. Ra3 f5 25. Bc7 a4 26. Rad3 Rac8 27. Bf4
Nf6 28. Rc1 Be7 29. Rdd1 Bd8 30. a3 Bc7 31. Re1 Kg7 32. Be2 Bxf4 33. exf4 Qe4
34. Qb2 Qxf4 35. f3 Kf7 36. Bf1 Rxe1 37. Rxe1 Re8 38. Rxe8 Nxe8 39. Kf2 Nc7 40.
g3 Qg5 41. f4 Qf6 42. Ke3 Ne6 43. h4 Nxd4 44. Qc3 Qe6+ 45. Kd2 Nb3+ 0-1

[Event "BL 8889 Lasker-Porz"]
[Site "?"]
[Date "1988.??.??"]
[Round "?.7"]
[White "Ostermeyer, P."]
[Black "Breutigam, M."]
[Result "1-0"]
[WhiteElo "2450"]
[BlackElo "2300"]
[PlyCount "145"]
[EventDate "1988.??.??"]

1. e4 e6 2. d3 d5 3. Nd2 Nf6 4. Ngf3 c5 5. g3 Nc6 6. Bg2 Be7 7. O-O b6 8. Re1
Bb7 9. c3 Qc7 10. a3 a5 11. a4 O-O 12. e5 Nd7 13. Qe2 Rae8 14. Nf1 f6 15. exf6
Bxf6 16. Ng5 Nde5 17. Bf4 Bxg5 18. Bxg5 Ba6 19. Rad1 Qf7 20. f4 Qg6 21. fxe5
Qxg5 22. Nd2 Rf5 23. Nf3 Qh5 24. c4 Ref8 25. cxd5 exd5 26. Nh4 Qxe2 27. Bxd5+
Kh8 28. Rxe2 Rxe5 29. Be4 Nd4 30. Rf2 Rxf2 31. Kxf2 Re8 32. Nf3 Nxf3 33. Kxf3
Rd8 34. Ke3 Rd4 35. b3 g6 36. Rf1 Kg7 37. Rf4 Rd6 38. h4 Bc8 39. Bf3 Be6 40.
Bd1 h6 41. Kd2 g5 42. hxg5 hxg5 43. Re4 Kf6 44. Kc3 Bf5 45. Re3 Rd4 46. Bf3 Be6
47. Be2 Bd5 48. Re8 Be6 49. Rb8 Rb4 50. Bd1 Ke5 51. Re8 Kd6 52. Rd8+ Ke7 53.
Rb8 Bd5 54. Rh8 Be6 55. Rh6 Rd4 56. Be2 Rd5 57. Rh7+ Kf6 58. Rh6+ Ke5 59. Rg6
Kf5 60. Rh6 Re5 61. Kd2 Bxb3 62. Rxb6 Bxa4 63. Ra6 c4 64. dxc4 Ke4 65. Rf6 Kd4
66. Rd6+ Kc5 67. Ra6 Kb4 68. Rb6+ Ka3 69. Bd3 Bb3 70. Rb5 Rxb5 71. cxb5 Bd5 72.
Kc3 a4 73. Kd4 1-0

[Event "BL 8889 Lasker-Porz"]
[Site "?"]
[Date "1988.??.??"]
[Round "?.8"]
[White "Paulsen, D."]
[Black "Schulz, KJ."]
[Result "1-0"]
[WhiteElo "2355"]
[BlackElo "2360"]
[PlyCount "71"]
[EventDate "1988.??.??"]

1. d4 d5 2. c4 dxc4 3. e4 Nc6 4. Nf3 Bg4 5. Bxc4 e6 6. d5 Bxf3 7. Qxf3 Nd4 8.
Qd3 e5 9. O-O Bc5 10. Nc3 a6 11. Qg3 Qf6 12. Kh1 Ne7 13. f4 Ng6 14. f5 Nf8 15.
Bg5 Qd6 16. Bf4 Nd7 17. Qxg7 O-O-O 18. Bd2 f6 19. Rac1 h5 20. Qg3 Rdg8 21. Qh3
Nf8 22. a3 Ba7 23. Ne2 Rg4 24. Bb4 Qd7 25. d6 c6 26. Nxd4 Bxd4 27. Qd3 Kb8 28.
Qb3 c5 29. Bd5 Qb5 30. Bxc5 Qxb3 31. Bxb3 Bxc5 32. Rxc5 Rxe4 33. Be6 Nxe6 34.
fxe6 Rd4 35. d7 Rd6 36. Rfc1 1-0

[Event "BL 8889 Kreuzberg-Bochum"]
[Site "?"]
[Date "1988.??.??"]
[Round "?.1"]
[White "Graf, J."]
[Black "Levitt, J."]
[Result "1/2-1/2"]
[WhiteElo "2405"]
[BlackElo "2485"]
[PlyCount "30"]
[EventDate "1988.??.??"]

1. d4 Nf6 2. c4 e6 3. Nc3 Bb4 4. Bg5 c5 5. d5 d6 6. e3 exd5 7. cxd5 Nbd7 8. Bb5
h6 9. Bh4 Qa5 10. Bxd7+ Nxd7 11. Nge2 Ne5 12. O-O c4 13. a3 Bc5 14. Ne4 Bf5 15.
N2c3 Rc8 1/2-1/2

[Event "BL 8889 Kreuzberg-Bochum"]
[Site "?"]
[Date "1988.??.??"]
[Round "?.3"]
[White "Sonntag, H."]
[Black "Loeffler, S."]
[Result "0-1"]
[WhiteElo "2380"]
[BlackElo "2375"]
[PlyCount "106"]
[EventDate "1988.??.??"]

1. d4 Nf6 2. c4 c5 3. d5 g6 4. Nc3 d6 5. e4 Bg7 6. Nf3 O-O 7. Be2 e6 8. O-O Re8
9. Nd2 Na6 10. f3 Rb8 11. Rb1 Bd7 12. dxe6 Rxe6 13. Re1 Nh5 14. Nf1 f5 15. Nb5
Nb4 16. a3 Nc6 17. Bd3 f4 18. g4 fxg3 19. hxg3 a6 20. Nc3 Bd4+ 21. Kg2 Ne5 22.
Nd5 Re8 23. Be2 Qc8 24. g4 Qd8 25. Be3 Qh4 26. Bxd4 cxd4 27. Qxd4 Rf8 28. Qf2
Qxf2+ 29. Kxf2 Bxg4 30. Nh2 Be6 31. Red1 Kf7 32. Ke3 Rbc8 33. b3 Bxd5 34. Rxd5
Ke7 35. Rbd1 Rc6 36. R5d2 Nf4 37. Bf1 g5 38. Ng4 Nxg4+ 39. fxg4 Rf6 40. Rc1 Rh6
41. Bg2 b5 42. Bf3 Rh3 43. Rdc2 Ng6 44. Rh1 Rxh1 45. Bxh1 Ne5 46. Kd4 bxc4 47.
bxc4 Nxg4 48. Bf3 Ne5 49. Be2 g4 50. Rc1 h5 51. Rh1 Rc5 52. Ke3 Kf6 53. Rf1+
Kg5 0-1

[Event "BL 8889 Kreuzberg-Bochum"]
[Site "?"]
[Date "1988.??.??"]
[Round "?.4"]
[White "Glienke, M."]
[Black "Beckemeyer, W."]
[Result "1-0"]
[WhiteElo "2295"]
[BlackElo "2380"]
[PlyCount "109"]
[EventDate "1988.??.??"]

1. d4 Nf6 2. Nf3 g6 3. Bf4 Bg7 4. e3 O-O 5. Be2 d6 6. h3 c5 7. O-O Bf5 8. c3
Qb6 9. Qb3 Nc6 10. Nbd2 Qxb3 11. axb3 a6 12. Rfe1 Rad8 13. Nc4 Nd5 14. Bg3 cxd4
15. Nxd4 Nxd4 16. exd4 Rfe8 17. Bf3 Be6 18. Ra5 b5 19. Nd2 Bh6 20. Nf1 Nc7 21.
b4 Rb8 22. Ne3 Rb6 23. Ng4 Bf8 24. Bf4 h5 25. Nh2 Kh7 26. g4 Nd5 27. Bd2 Bh6
28. g5 Bg7 29. Bg2 Nc7 30. Nf1 Bd5 31. Bxd5 Nxd5 32. c4 Nc7 33. c5 Rbb8 34. Bc3
Ne6 35. d5 Nxg5 36. Kg2 Bxc3 37. bxc3 f5 38. f3 dxc5 39. bxc5 Rbd8 40. h4 Nf7
41. Rd1 Rc8 42. c6 Ra8 43. Ne3 f4 44. Nc2 Nd6 45. Rda1 Nf5 46. Kh3 Rad8 47. c4
bxc4 48. Rc5 e6 49. Re1 Kg7 50. c7 Rc8 51. Rxc4 Re7 52. Nd4 Nxd4 53. d6 Nxf3
54. dxe7 Nxe1 55. Rxf4 1-0

[Event "BL 8889 Kreuzberg-Bochum"]
[Site "?"]
[Date "1988.??.??"]
[Round "?.5"]
[White "Vatter, H."]
[Black "Lehmann, K."]
[Result "1/2-1/2"]
[WhiteElo "2335"]
[BlackElo "2325"]
[PlyCount "144"]
[EventDate "1988.??.??"]

1. e4 c6 2. c4 d5 3. cxd5 cxd5 4. exd5 Nf6 5. Bb5+ Nbd7 6. Nc3 a6 7. Qa4 Rb8 8.
Bxd7+ Bxd7 9. Qf4 b5 10. a3 e6 11. Nf3 Nxd5 12. Nxd5 exd5 13. O-O Be7 14. Qe5
O-O 15. Qxd5 Rb6 16. d4 Rd6 17. Qh5 Bc6 18. Ne5 Ba8 19. Be3 f6 20. Nd3 Rd5 21.
Qd1 Qd7 22. Rc1 Bd6 23. Re1 Qb7 24. f3 Qb8 25. f4 Qb7 26. Rc2 Rf5 27. Rce2 Qf7
28. Nc5 g5 29. Qc2 Qd5 30. fxg5 fxg5 31. Qb3 Qxb3 32. Nxb3 Bd5 33. Nd2 h6 34.
Rc1 R5f6 35. Ree1 Kg7 36. Rf1 Rxf1+ 37. Nxf1 Kg6 38. Bd2 Bf4 39. Bxf4 gxf4 40.
Kf2 Re8 41. Nd2 Re3 42. Rc3 Rxc3 43. bxc3 Kf5 44. g3 Kg4 45. gxf4 Kxf4 46. Nf1
Ke4 47. Ne3 Be6 48. Ke2 h5 49. Kd2 Bf7 50. Nc2 a5 51. Ne3 Be6 52. Nd1 Kf3 53.
Ne3 Ke4 54. Nf1 h4 55. Ne3 h3 56. Ke2 Bd7 57. Nd1 Bg4+ 58. Kd2 Be6 59. Nf2+ Kf3
60. Nd3 Bd5 61. Nc5 Kf4 62. Nd7 Be6 63. Ne5 Ke4 64. Nc6 Bd5 65. Ne5 b4 66. axb4
axb4 67. cxb4 Kxd4 68. Nd3 Bb7 69. Nf2 Bc8 70. b5 Kc5 71. Ne4+ Kb6 72. Ke3 Bd7
1/2-1/2

[Event "BL 8889 Kreuzberg-Bochum"]
[Site "?"]
[Date "1988.??.??"]
[Round "?.6"]
[White "Federau, J."]
[Black "Backwinkel, P."]
[Result "1-0"]
[WhiteElo "2300"]
[BlackElo "2315"]
[PlyCount "129"]
[EventDate "1988.??.??"]

1. d4 d5 2. c4 e6 3. Nc3 f5 4. Bf4 c6 5. e3 Nf6 6. Nf3 Be7 7. Be2 O-O 8. O-O
Bd7 9. Qb3 b6 10. Qc2 Na6 11. Ne5 Nb4 12. Qb1 dxc4 13. Nxc4 Be8 14. Qd1 Nbd5
15. Nxd5 Nxd5 16. Be5 Bg6 17. g3 Qd7 18. Rc1 Rfd8 19. a3 Qe8 20. Bf3 Rac8 21.
Qe2 Nf6 22. Rfd1 Bh5 23. Bxh5 Qxh5 24. Qxh5 Nxh5 25. Kf1 Nf6 26. Ke2 Kf7 27. f3
g5 28. h3 h5 29. a4 Rd5 30. Rc2 g4 31. hxg4 hxg4 32. Rh1 Kg6 33. Bf4 c5 34.
Ne5+ Kg7 35. Bh6+ Kg8 36. Ng6 Bd6 37. Bf4 Kf7 38. Ne5+ Kg7 39. fxg4 fxg4 40.
Rh4 Rd8 41. Bh6+ Kg8 42. Nxg4 Nxg4 43. Rxg4+ Kh7 44. Bg5 Rg8 45. Rh4+ Kg6 46.
Bf4 cxd4 47. exd4 Bxf4 48. Rxf4 Rh8 49. Kf3 Rh1 50. Rc6 Rf1+ 51. Ke3 Rxf4 52.
gxf4 Kf5 53. b4 Rd7 54. Rc8 Kf6 55. Ke4 Ke7 56. Rh8 Kd6 57. Rh6 Rc7 58. f5 Rc4
59. Rxe6+ Kd7 60. b5 Rxa4 61. Re5 Ra1 62. f6 Rf1 63. Rf5 Re1+ 64. Kd5 Rb1 65.
f7 1-0

[Event "BL 8889 Kreuzberg-Bochum"]
[Site "?"]
[Date "1988.??.??"]
[Round "?.7"]
[White "Ueter, H."]
[Black "Tyrtania, M."]
[Result "1-0"]
[WhiteElo "2275"]
[BlackElo "2300"]
[PlyCount "99"]
[EventDate "1988.??.??"]

1. e4 d6 2. d4 Nf6 3. f3 e5 4. Ne2 c6 5. Nbc3 Be7 6. Be3 O-O 7. Qd2 exd4 8.
Bxd4 d5 9. e5 Ne8 10. Ng3 f6 11. exf6 Bxf6 12. Bxf6 Qxf6 13. O-O-O Nd7 14. Re1
Nd6 15. Kb1 Ne5 16. Nh5 Qf5 17. Qd4 Qxh5 18. Rxe5 Qg6 19. Bd3 Bf5 20. Bxf5 Rxf5
21. Re7 Rg5 22. g4 Re8 23. Rhe1 Rxe7 24. Rxe7 Kf8 25. Re1 Qf6 26. Qxa7 Re5 27.
Rxe5 Qxe5 28. Qf2 g5 29. a4 Nc4 30. Qa7 Qe7 31. Qd4 Qe5 32. Qd3 Kg7 33. b3 Nd6
34. Qd2 h6 35. Nd1 Nf7 36. Nb2 Qf6 37. Qb4 Nd6 38. Ka2 Kg6 39. Nd3 Kg7 40. f4
gxf4 41. Nxf4 Kf7 42. Ne2 Ke7 43. Nd4 Kd7 44. Nf5 Nxf5 45. Qxb7+ Kd6 46. Qb8+
Kc5 47. Qf4 Qd6 48. Qf2+ d4 49. gxf5 Qf6 50. c3 1-0

[Event "BL 8889 Sindelfingen-Solingen"]
[Site "?"]
[Date "1988.??.??"]
[Round "?.3"]
[White "Schulte, O."]
[Black "Franke, H."]
[Result "1/2-1/2"]
[WhiteElo "2430"]
[BlackElo "2360"]
[PlyCount "50"]
[EventDate "1988.??.??"]

1. d4 d5 2. c4 c6 3. Nf3 Nf6 4. Qc2 g6 5. Bf4 Bf5 6. Qb3 Qb6 7. c5 Qxb3 8. axb3
Nbd7 9. Nc3 a6 10. h3 Bg7 11. e3 h6 12. Be2 O-O 13. b4 Rac8 14. O-O Ne8 15. g4
Be6 16. Nd2 g5 17. Bh2 f5 18. Nb3 f4 19. exf4 gxf4 20. Rfe1 Nc7 21. Bf3 h5 22.
g5 Bxh3 23. Rxe7 Rf5 24. Kh1 Nf8 25. Rg1 Nfe6 1/2-1/2

[Event "BL 8889 Sindelfingen-Solingen"]
[Site "?"]
[Date "1988.??.??"]
[Round "?.4"]
[White "Bialas, W."]
[Black "Zysk, R."]
[Result "1/2-1/2"]
[WhiteElo "2365"]
[BlackElo "2395"]
[PlyCount "43"]
[EventDate "1988.??.??"]

1. d4 Nf6 2. c4 g6 3. Nc3 d5 4. Nf3 Bg7 5. e3 O-O 6. Bd2 c5 7. dxc5 Na6 8. cxd5
Nxc5 9. Bc4 a6 10. a4 Bf5 11. O-O Rc8 12. Qe2 Nfe4 13. Rfd1 Nxc3 14. Bxc3 Bxc3
15. bxc3 Ne4 16. Rd4 Nd6 17. e4 Bg4 18. Bd3 Qa5 19. Qd2 Bxf3 20. gxf3 Qxc3 21.
Qxc3 Rxc3 22. e5 1/2-1/2

[Event "BL 8889 Sindelfingen-Solingen"]
[Site "?"]
[Date "1988.??.??"]
[Round "?.5"]
[White "Schneider, B1."]
[Black "Gruenenwald, J."]
[Result "1-0"]
[WhiteElo "2365"]
[BlackElo "2345"]
[PlyCount "71"]
[EventDate "1988.??.??"]

1. c4 g6 2. g3 Bg7 3. Bg2 e5 4. Nc3 f5 5. d3 Nc6 6. Rb1 a5 7. a3 Nf6 8. b4 axb4
9. axb4 O-O 10. b5 Ne7 11. Nf3 d6 12. Qb3 Kh8 13. O-O Be6 14. Ng5 Bc8 15. c5 d5
16. e4 h6 17. Nf3 d4 18. Ne2 Nh7 19. Nh4 fxe4 20. Bxe4 g5 21. Ng2 Nf6 22. Bd2
Nxe4 23. dxe4 Qe8 24. f4 exf4 25. gxf4 Bg4 26. Ng3 gxf4 27. Bxf4 Qd7 28. Nh4 d3
29. Bd2 Qd4+ 30. Kg2 Be2 31. Rf7 Qe5 32. Rxe7 Qxc5 33. Ng6+ Kh7 34. Nxf8+ Rxf8
35. Rxg7+ Kxg7 36. Qc3+ 1-0

[Event "BL 8889 Sindelfingen-Solingen"]
[Site "?"]
[Date "1988.??.??"]
[Round "?.6"]
[White "Sieglen, J."]
[Black "Kraut, R."]
[Result "1-0"]
[WhiteElo "2330"]
[BlackElo "2390"]
[PlyCount "69"]
[EventDate "1988.??.??"]

1. d4 Nf6 2. c4 g6 3. Nc3 d5 4. Nf3 Bg7 5. Bg5 Ne4 6. cxd5 Nxc3 7. bxc3 Qxd5 8.
e3 c5 9. Be2 cxd4 10. exd4 Nc6 11. O-O O-O 12. c4 Qd6 13. d5 Na5 14. Rc1 b6 15.
Qd2 Bb7 16. Rfd1 Rac8 17. Nd4 Qd7 18. Nb3 Nxb3 19. axb3 e6 20. d6 f6 21. Be3
Rfd8 22. b4 e5 23. c5 bxc5 24. bxc5 Kh8 25. Bc4 f5 26. Bg5 Re8 27. Bd5 Bc6 28.
Bxc6 Rxc6 29. f3 e4 30. Re1 Re5 31. Be3 exf3 32. Bd4 Re4 33. Bxg7+ Kxg7 34.
gxf3 Rxe1+ 35. Rxe1 {ZÜ} 1-0

[Event "BL 8889 Sindelfingen-Solingen"]
[Site "?"]
[Date "1988.??.??"]
[Round "?.7"]
[White "Dueball, J."]
[Black "Braun, M."]
[Result "1-0"]
[WhiteElo "2445"]
[BlackElo "2325"]
[PlyCount "39"]
[EventDate "1988.??.??"]

1. e4 c5 2. Nf3 d6 3. d4 cxd4 4. Nxd4 Nf6 5. Nc3 a6 6. Bg5 e6 7. f4 b5 8. e5 h6
9. Bh4 g5 10. fxg5 Nh7 11. exd6 hxg5 12. Bf2 Bb7 13. Nxe6 Qxd6 14. Nxf8 Qxd1+
15. Rxd1 Kxf8 16. Bd4 f6 17. Kf2 Nc6 18. Bc5+ Ke8 19. Be2 Nf8 20. Ne4 1-0

[Event "BL 8889 Sindelfingen-Solingen"]
[Site "?"]
[Date "1988.??.??"]
[Round "?.8"]
[White "Werner, Marc"]
[Black "Borngaesser, R."]
[Result "1/2-1/2"]
[WhiteElo "2315"]
[BlackElo "2375"]
[PlyCount "83"]
[EventDate "1988.??.??"]

1. e4 e6 2. d4 d5 3. Nc3 Nf6 4. e5 Nfd7 5. f4 c5 6. Nf3 Nc6 7. Be3 b6 8. Qd2
Bb7 9. O-O-O a6 10. f5 Be7 11. Be2 Qc7 12. Rhe1 O-O-O 13. Bf4 Nxd4 14. Nxd4
cxd4 15. Qxd4 Bc5 16. Qd2 d4 17. Na4 b5 18. Nxc5 Nxc5 19. Bd3 Nxd3+ 20. Qxd3
Bxg2 21. Qg3 Qc6 22. fxe6 fxe6 23. Qxg7 Be4 24. Rd2 Rhg8 25. Qe7 Rd7 26. Qb4
Rc7 27. Qd6 Bf5 28. Qxc6 Rxc6 29. Kb1 Kb7 30. Rc1 Rgc8 31. a3 a5 32. Rxd4 Rxc2
33. Rxc2 Rxc2 34. Ka2 a4 35. Bg3 Re2 36. Rd1 Bc2 37. Rf1 Bb3+ 38. Ka1 Rd2 39.
Kb1 Kc6 40. Kc1 Rc2+ 41. Kb1 Rd2 42. Kc1 1/2-1/2

[Event "BL 8889 Kirchheim-Bielefeld"]
[Site "?"]
[Date "1988.??.??"]
[Round "?.1"]
[White "Keitlinghaus, L."]
[Black "Adorjan, A."]
[Result "0-1"]
[WhiteElo "2410"]
[BlackElo "2520"]
[PlyCount "72"]
[EventDate "1988.??.??"]

1. d4 Nf6 2. c3 d6 3. Bg5 Nbd7 4. Nd2 e5 5. e3 Be7 6. Bd3 d5 7. Ne2 O-O 8. O-O
c6 9. Ng3 h6 10. Bxf6 Bxf6 11. f4 e4 12. Be2 g6 13. c4 Bg7 14. cxd5 cxd5 15.
Qb3 Nf6 16. Nb1 Qd6 17. Nc3 Bd7 18. Rac1 h5 19. Nh1 b5 20. Nf2 Rfb8 21. a3 a5
22. Na2 b4 23. a4 Qe7 24. Ra1 Qe8 25. Nc1 Ra7 26. Bd1 Bf8 27. Qa2 b3 28. Nxb3
Rab7 29. Rb1 Rb4 30. Nc1 Bxa4 31. b3 Bb5 32. Be2 Qc6 33. Bxb5 R4xb5 34. Re1 a4
35. Re2 axb3 36. Nxb3 Rxb3 0-1

[Event "BL 8889 Kirchheim-Bielefeld"]
[Site "?"]
[Date "1988.??.??"]
[Round "?.2"]
[White "Gschnitzer, O."]
[Black "Popovic, P."]
[Result "0-1"]
[WhiteElo "2365"]
[BlackElo "2530"]
[PlyCount "36"]
[EventDate "1988.??.??"]

1. d4 Nf6 2. c4 g6 3. Nc3 d5 4. Nf3 Bg7 5. cxd5 Nxd5 6. e4 Nxc3 7. bxc3 c5 8.
Be3 O-O 9. Qd2 Qa5 10. Rc1 e6 11. Be2 cxd4 12. cxd4 Qxd2+ 13. Kxd2 Nc6 14. Rhd1
Bd7 15. d5 exd5 16. exd5 Nb4 17. Bc5 Rfc8 18. d6 Nxa2 0-1

[Event "BL 8889 Kirchheim-Bielefeld"]
[Site "?"]
[Date "1988.??.??"]
[Round "?.3"]
[White "Pieper Emden, C."]
[Black "Mueller, O."]
[Result "1-0"]
[WhiteElo "2345"]
[BlackElo "2355"]
[PlyCount "80"]
[EventDate "1988.??.??"]

1. d4 Nf6 2. c4 e6 3. Nf3 b6 4. g3 Ba6 5. Qc2 c5 6. Bg2 Nc6 7. dxc5 Bxc5 8. a3
Rc8 9. Qa4 Bb7 10. O-O O-O 11. Nc3 Be7 12. b4 a5 13. b5 Nb8 14. Qb3 Qc7 15. Na4
d6 16. Be3 Nbd7 17. Rac1 Ng4 18. Bd4 Bf6 19. Rfd1 d5 20. c5 bxc5 21. Bxc5 Nxc5
22. Nxc5 Qb6 23. Nd3 Be7 24. a4 Bc5 25. Rxc5 Rxc5 26. h3 Nxf2 27. Nxf2 Rc4 28.
Ne5 Rb4 29. Qa3 Rc8 30. e3 f6 31. Nf3 Rbc4 32. Rd3 e5 33. Nd2 Rc1+ 34. Kh2 e4
35. Rb3 R1c2 36. Rb2 R2c3 37. Qa2 Qxe3 38. Nf1 Qc5 39. Nxe4 Qc4 40. Nxc3 Qxc3
1-0

[Event "BL 8889 Kirchheim-Bielefeld"]
[Site "?"]
[Date "1988.??.??"]
[Round "?.7"]
[White "Fischdick, G."]
[Black "Vonthron, H."]
[Result "0-1"]
[WhiteElo "2305"]
[BlackElo "2330"]
[PlyCount "100"]
[EventDate "1988.??.??"]

1. d4 Nf6 2. Nf3 b6 3. Bf4 Bb7 4. e3 e6 5. Nbd2 Be7 6. h3 O-O 7. Bd3 c5 8. c3
Nc6 9. Qb1 cxd4 10. exd4 d6 11. O-O h6 12. Re1 Re8 13. Bg3 Qd7 14. a4 Rad8 15.
Nc4 Na5 16. Ncd2 Rc8 17. b4 Bxf3 18. Nxf3 Nc4 19. Qb3 Qc6 20. Rac1 Qd5 21. Qb1
Rc7 22. Bh4 g5 23. Bg3 Rec8 24. Re2 Kh8 25. Nh2 h5 26. Nf3 g4 27. Nh4 Rg8 28.
Kh2 Qg5 29. Rce1 Rcc8 30. Qb3 d5 31. Bxc4 Rxc4 32. Re5 Qd2 33. R5e3 Ne4 34. Rd1
Nxg3 35. Rxd2 Nf1+ 36. Kg1 Nxd2 37. Qd1 Ne4 38. f3 Nxc3 39. Qe1 Na2 40. Qg3
Rc1+ 41. Kh2 gxh3 42. Qxh3 Bd6+ 43. Re5 Rc2 44. f4 Bxe5 45. fxe5 Rg4 46. Kh1
Nxb4 47. Nf3 Rcxg2 48. Qxh5+ Kg8 49. Nh4 R2g3 50. Kh2 Nd3 0-1

[Event "BL 8889 Solingen-Kirchheim"]
[Site "?"]
[Date "1988.??.??"]
[Round "?.3"]
[White "Mueller, O."]
[Black "Schulte, O."]
[Result "1/2-1/2"]
[WhiteElo "2355"]
[BlackElo "2430"]
[PlyCount "49"]
[EventDate "1988.??.??"]

1. e4 c5 2. Nf3 e6 3. d4 cxd4 4. Nxd4 Nf6 5. Nc3 Nc6 6. Nxc6 bxc6 7. e5 Nd5 8.
Ne4 f5 9. exf6 Nxf6 10. Nd6+ Bxd6 11. Qxd6 Qb6 12. Bd3 Ba6 13. Be3 Qxb2 14. Bd4
Qb7 15. Bc5 Kf7 16. Qe7+ Kg8 17. c4 Qc7 18. O-O Re8 19. Qd6 Qxd6 20. Bxd6 Kf7
21. Rab1 Rc8 22. Bc5 Rc7 23. Bd6 Rcc8 24. Bc5 Rc7 25. Bd6 1/2-1/2

[Event "BL 8889 Solingen-Kirchheim"]
[Site "?"]
[Date "1988.??.??"]
[Round "?.7"]
[White "Mudelsee, M."]
[Black "Dueball, J."]
[Result "0-1"]
[WhiteElo "2385"]
[BlackElo "2445"]
[PlyCount "104"]
[EventDate "1988.??.??"]

1. e4 c5 2. Nf3 Nc6 3. d4 cxd4 4. Nxd4 Nf6 5. Nc3 d6 6. Bc4 Qb6 7. Ndb5 a6 8.
Be3 Qa5 9. Nd4 Ne5 10. Bd3 g6 11. O-O Bg7 12. Nb3 Qc7 13. f4 Neg4 14. Bd4 e5
15. fxe5 dxe5 16. Bc5 b6 17. Bb5+ axb5 18. Nxb5 Qd7 19. Nd6+ Kf8 20. Bxb6 Kg8
21. h3 Qc6 22. Bc5 Be6 23. c4 Nd7 24. Bf2 Nxf2 25. Rxf2 Bh6 26. Rf3 Kg7 27. Qd3
Nc5 28. Nxc5 Qxc5+ 29. Kh1 Rhd8 30. Nb7 Rxd3 31. Nxc5 Rxf3 32. Nxe6+ fxe6 33.
gxf3 Be3 34. a3 Bd4 35. Ra2 Kf6 36. Kg2 Bc5 37. Kf1 Ra4 38. b3 Rxa3 39. Rb2
Ra1+ 40. Kg2 Bd4 41. Rc2 Rb1 42. c5 Rxb3 43. c6 Rb8 44. Ra2 Ke7 45. Ra6 Bb6 46.
Kg3 Kd6 47. f4 exf4+ 48. Kxf4 Rf8+ 49. Kg5 Kxc6 50. Kh6 Rf7 51. h4 Kb5 52. Ra3
Bc7 0-1

[Event "BL 8889 Solingen-Kirchheim"]
[Site "?"]
[Date "1988.??.??"]
[Round "?.8"]
[White "Borngaesser, R."]
[Black "Messmer, M."]
[Result "1/2-1/2"]
[WhiteElo "2375"]
[BlackElo "2260"]
[PlyCount "55"]
[EventDate "1988.??.??"]

1. e4 c5 2. Nc3 Nc6 3. g3 g6 4. Bg2 Bg7 5. d3 d6 6. f4 e6 7. Nf3 Nge7 8. O-O
O-O 9. Bd2 b6 10. Rb1 Bb7 11. Ne2 Qd7 12. Bc3 Bxc3 13. bxc3 e5 14. Qd2 f6 15.
c4 Nd4 16. Nexd4 exd4 17. c3 dxc3 18. Qxc3 Nc6 19. h4 Rae8 20. h5 Kg7 21. a3
Bc8 22. Kf2 Qe7 23. Rh1 Bg4 24. hxg6 hxg6 25. Nh2 Bd7 26. Nf3 Bg4 27. Nh2 Bd7
28. Nf3 1/2-1/2

[Event "BL 8889 Bielefeld-Sindelfingen"]
[Site "?"]
[Date "1988.??.??"]
[Round "?.1"]
[White "Mohr, S."]
[Black "Keitlinghaus, L."]
[Result "1/2-1/2"]
[WhiteElo "2470"]
[BlackElo "2410"]
[PlyCount "78"]
[EventDate "1988.??.??"]

1. d4 e6 2. c4 Bb4+ 3. Nd2 Nf6 4. Ngf3 O-O 5. a3 Be7 6. e4 d6 7. Bd3 Nbd7 8.
O-O e5 9. b3 Re8 10. Bb2 Bf8 11. Re1 a5 12. Bf1 g6 13. Qc2 exd4 14. Nxd4 c6 15.
Rad1 Qc7 16. b4 axb4 17. axb4 Bg7 18. Bc3 Nf8 19. Qb2 Qe7 20. N4f3 Bg4 21. h3
Bxf3 22. Nxf3 Rad8 23. e5 dxe5 24. Nxe5 Rxd1 25. Rxd1 Ne6 26. Re1 Qd8 27. g3 h5
28. h4 g5 29. hxg5 Nxg5 30. Bg2 Ng4 31. f4 Bxe5 32. Bxe5 Rxe5 33. fxe5 Qd3 34.
Qc1 Nh3+ 35. Bxh3 Qxg3+ 36. Bg2 Qf2+ 37. Kh1 Qh4+ 38. Kg1 Qf2+ 39. Kh1 Qh4+
1/2-1/2

[Event "BL 8889 Bielefeld-Sindelfingen"]
[Site "?"]
[Date "1988.??.??"]
[Round "?.2"]
[White "Popovic, P."]
[Black "Fahnenschmidt, G."]
[Result "1/2-1/2"]
[WhiteElo "2530"]
[BlackElo "2380"]
[PlyCount "31"]
[EventDate "1988.??.??"]

1. e4 e5 2. Nf3 Nf6 3. Nxe5 d6 4. Nf3 Nxe4 5. d4 d5 6. Bd3 Bd6 7. O-O O-O 8. c4
c6 9. Re1 Bf5 10. Qb3 Na6 11. cxd5 cxd5 12. Nc3 Be6 13. a3 Nc7 14. Qc2 f5 15.
Ne2 Bf7 16. Bf4 1/2-1/2

[Event "BL 8889 Bielefeld-Sindelfingen"]
[Site "?"]
[Date "1988.??.??"]
[Round "?.3"]
[White "Franke, H."]
[Black "Pieper Emden, C."]
[Result "1/2-1/2"]
[WhiteElo "2360"]
[BlackElo "2345"]
[PlyCount "48"]
[EventDate "1988.??.??"]

1. d4 d5 2. c4 c6 3. Nf3 Nf6 4. Nc3 a6 5. cxd5 cxd5 6. Bf4 Nc6 7. Ne5 e6 8. e3
Qb6 9. Nxc6 bxc6 10. Qd2 Ne4 11. Nxe4 dxe4 12. a3 Be7 13. Be2 O-O 14. O-O a5
15. Rfc1 Ba6 16. Rc3 Bb5 17. Rac1 Rfc8 18. Qc2 Bxe2 19. Qxe2 Ra6 20. g4 a4 21.
Qc2 Bf8 22. b4 axb3 23. Rxb3 Qa7 24. Qxe4 Rxa3 1/2-1/2

[Event "BL 8889 Bielefeld-Sindelfingen"]
[Site "?"]
[Date "1988.??.??"]
[Round "?.4"]
[White "Baumhus, R."]
[Black "Bialas, W."]
[Result "0-1"]
[WhiteElo "2335"]
[BlackElo "2365"]
[PlyCount "80"]
[EventDate "1988.??.??"]

1. e4 c5 2. Nc3 Nc6 3. g3 g6 4. Bg2 Bg7 5. d3 d6 6. Nge2 e6 7. O-O Nge7 8. Bg5
h6 9. Be3 Nd4 10. Qd2 Nec6 11. Nd1 Nxe2+ 12. Qxe2 O-O 13. c3 b6 14. Qd2 Kh7 15.
Rc1 Ne5 16. h3 Ba6 17. c4 Nc6 18. f4 Nd4 19. g4 Bb7 20. Nc3 Qd7 21. f5 exf5 22.
exf5 gxf5 23. g5 hxg5 24. Bxg5 Bxg2 25. Kxg2 Be5 26. Qf2 f6 27. Bf4 Qg7+ 28.
Kh1 Bxf4 29. Qxf4 Qh6 30. Rf2 Rae8 31. Nd5 Re5 32. Qxh6+ Kxh6 33. Rg1 Ne6 34.
Rfg2 Ng5 35. h4 Nh3 36. Rg6+ Kh5 37. R1g3 Kxh4 38. Nxf6 Rxf6 39. Rxh3+ Kxh3 40.
Rxf6 Re1# 0-1

[Event "BL 8889 Bielefeld-Sindelfingen"]
[Site "?"]
[Date "1988.??.??"]
[Round "?.5"]
[White "Gruenenwald, J."]
[Black "Peist, J."]
[Result "0-1"]
[WhiteElo "2345"]
[BlackElo "2350"]
[PlyCount "76"]
[EventDate "1988.??.??"]

1. e4 e6 2. d4 d5 3. Nd2 c5 4. exd5 Qxd5 5. Ngf3 cxd4 6. Bc4 Qd6 7. O-O Nf6 8.
Nb3 Nc6 9. Nbxd4 Nxd4 10. Nxd4 a6 11. c3 Qc7 12. Bb3 Bd6 13. h3 O-O 14. a4 e5
15. Nf3 Bf5 16. Qe2 h6 17. Be3 Rfe8 18. Rfd1 e4 19. Nd4 Bg6 20. Rd2 Rad8 21.
Rad1 Qe7 22. Re1 Bb8 23. Qf1 Nd5 24. Bxd5 Rxd5 25. Ne2 Rxd2 26. Bxd2 Qd7 27.
Bf4 Ba7 28. Ra1 Rd8 29. Qc1 Qd3 30. Ng3 Kh7 31. Nf1 Qe2 32. Be3 Bxe3 33. fxe3
Rd3 34. Rb1 h5 35. a5 Rd5 36. b4 Rg5 37. g3 Rf5 38. Rb2 Rxf1+ 0-1

[Event "BL 8889 Bielefeld-Sindelfingen"]
[Site "?"]
[Date "1988.??.??"]
[Round "?.7"]
[White "Werner, Marc"]
[Black "Fischdick, G."]
[Result "1/2-1/2"]
[WhiteElo "2315"]
[BlackElo "2305"]
[PlyCount "59"]
[EventDate "1988.??.??"]

1. e4 g6 2. d4 Bg7 3. Nc3 c6 4. Nf3 d6 5. h3 Nf6 6. Be3 O-O 7. a4 a5 8. Be2 Na6
9. O-O Nb4 10. Nd2 e5 11. dxe5 dxe5 12. Ncb1 Be6 13. c3 Na6 14. Na3 Qc7 15. Bc4
Rfe8 16. Bxe6 Rxe6 17. Nac4 Nd7 18. Nb3 b6 19. Qd2 Bf8 20. Rfd1 Ndc5 21. Nxc5
Nxc5 22. Bxc5 Bxc5 23. Qd7 Qb8 24. Kf1 b5 25. axb5 Qxb5 26. Qd3 a4 27. Rd2 Qb3
28. Rad1 Kg7 29. Qe2 Rf6 30. f3 1/2-1/2